[Event "Rheinland Pfalz op 3rd"]
[Site "Gau Algesheim"]
[Date "2011.08.01"]
[Round "5"]
[White "Jaeschke, Felix"]
[Black "Wilhelm, Carola"]
[Result "1-0"]
[WhiteElo "1816"]
[BlackElo "1499"]
[PlyCount "115"]
[EventDate "2011.07.28"]
[EventType "swiss"]
[EventRounds "7"]
[EventCountry "GER"]
[SourceTitle "EXT 2013"]
[Source "ChessBase"]
[SourceDate "2012.11.22"]
[SourceVersion "1"]
[SourceVersionDate "2012.11.22"]
[SourceQuality "1"]

1. c4 Nf6 2. Nf3 g6 3. g3 Bg7 4. Bg2 d6 5. Nc3 e5 6. 0-0 Be6 7. a3 Qc8 8. Re1 0-0 9. Rb1 Nc6 10. b4 Rb8 11. b5 Ne7 12. Bb2 Ne8 13. Qa4 Nf5 14. e4 Nd4 15. Nxd4 exd4 16. Ne2 a6 17. Nxd4 Bd7 18. Qb3 axb5 19. Nxb5 c6 20. Bxg7 Kxg7 21. Nc3 Be6 22. d4 Nc7 23. d5 cxd5 24. cxd5 Bd7 25. Rec1 b5 26. Qb4 Qa6 27. Bf1 Rb7 28. a4 Rfb8 29. Rb2 Kg8 30. Rcb1 Qa8 31. Qxd6 Ne8 32. Qa3 Nc7 33. d6 Na6 34. axb5 Nc7 35. Qc5 Ne6 36. Qe5 Qa7 37. Nd5 Qd4 38. Nf6+ Kf8 39. Nxh7+ Ke8 40. Nf6+ Kd8 41. Nxd7 Rxd7 42. Qxd4 Nxd4 43. Bc4 Nf3+ 44. Kg2 Ne5 45. Bd5 Rb6 46. f4 Nd3 47. Rd2 Nc5 48. e5 Rb8 49. Rc2 Ne6 50. b6 Nd4 51. Rc4 Nf5 52. Kf3 f6 53. b7 fxe5 54. fxe5 Ng7 55. Ra4 Ke8 56. Ra8 Rdd8 57. Rc1 Kd7 58. Rc7+ 1-0

[Event "Rheinland Pfalz op 3rd"]
[Site "Gau Algesheim"]
[Date "2011.08.01"]
[Round "6"]
[White "Wilhelm, Carola"]
[Black "Hofer, Stefan2222"]
[Result "0-1"]
[WhiteElo "1499"]
[BlackElo "1713"]
[PlyCount "90"]
[EventDate "2011.07.28"]
[EventType "swiss"]
[EventRounds "7"]
[EventCountry "GER"]
[SourceTitle "EXT 2013"]
[Source "ChessBase"]
[SourceDate "2012.11.22"]
[SourceVersion "1"]
[SourceVersionDate "2012.11.22"]
[SourceQuality "1"]

1. e4 c6 2. d3 d5 3. Nd2 e5 4. Ngf3 Qc7 5. g3 Nf6 6. Bg2 Bd6 7. 0-0 0-0 8. Re1 h6 9. Qe2 Re8 10. c3 Bg4 11. h3 Bh5 12. Nf1 Nbd7 13. Qe3 dxe4 14. dxe4 Bc5 15. Qd2 Rad8 16. Qc2 a5 17. Be3 Bf8 18. N3d2 Nc5 19. b4 Nd3 20. Reb1 axb4 21. cxb4 Nxb4 22. Qb3 Rd3 23. Qb2 Rd7 24. a3 Nd3 25. Bb6 Nxb2 26. Bxc7 Rxc7 27. Rxb2 b5 28. Ne3 Nd7 29. a4 Ra8 30. a5 Rca7 31. g4 Bg6 32. Rd1 Rxa5 33. Nb3 R5a7 34. Rbd2 Nc5 35. Nxc5 Bxc5 36. Rc2 Bxe3 37. fxe3 Ra1 38. Rcc1 Rxc1 39. Rxc1 Rc8 40. Kf2 c5 41. Kf3 f6 42. Bf1 Be8 43. Bd3 Kf8 44. Ke2 c4 45. Kd2 Rd8 0-1